000 00171nam a2200073Ia 4500
008 170620s9999 xx 000 0 und d
100 _aGUPTA A.K
245 0 _aBUSINESS STATISTICS
260 _bVAYU N. DELHI
999 _c30110
_d30110